Calculus (Record no. 1884)
| 000 -LEADER | |
|---|---|
| fixed length control field | 00486nam a22001937a 4500 |
| 003 - CONTROL NUMBER IDENTIFIER | |
| control field | OSt |
| 005 - DATE AND TIME OF LATEST TRANSACTION | |
| control field | 20150629092701.0 |
| 008 - FIXED-LENGTH DATA ELEMENTS--GENERAL INFORMATION | |
| fixed length control field | 150629b xxu||||| |||| 00| 0 eng d |
| 020 ## - INTERNATIONAL STANDARD BOOK NUMBER | |
| International Standard Book Number | 9780321781079 |
| 050 ## - LIBRARY OF CONGRESS CALL NUMBER | |
| Classification number | QA303.2A33 2013 |
| 100 ## - MAIN ENTRY--PERSONAL NAME | |
| Personal name | Adams, Robert |
| 245 ## - TITLE STATEMENT | |
| Title | Calculus |
| Statement of responsibility, etc | Robert Adams & Christopher Essex |
| 250 ## - EDITION STATEMENT | |
| Edition statement | 8th. ed. |
| 260 ## - PUBLICATION, DISTRIBUTION, ETC. (IMPRINT) | |
| Place of publication, distribution, etc | Toronto |
| Name of publisher, distributor, etc | Pearson Education |
| Date of publication, distribution, etc | 2013 |
| 300 ## - PHYSICAL DESCRIPTION | |
| Extent | iv,1026p. |
| 650 ## - SUBJECT ADDED ENTRY--TOPICAL TERM | |
| Topical term or geographic name as entry element | Calculus |
| 700 ## - ADDED ENTRY--PERSONAL NAME | |
| Personal name | Essex, Christopher |
| 942 ## - ADDED ENTRY ELEMENTS (KOHA) | |
| Source of classification or shelving scheme | |
| Koha item type | Book |
| Withdrawn status | Lost status | Source of classification or shelving scheme | Damaged status | Not for loan | Home library | Current library | Shelving location | Date acquired | Total Checkouts | Total Renewals | Full call number | Barcode | Date last seen | Date checked out | Copy number | Price effective from | Koha item type |
|---|---|---|---|---|---|---|---|---|---|---|---|---|---|---|---|---|---|
| Riara University Library | Riara University Library | General stack | 29/06/2015 | 16 | 5 | QA303.2A33 2013 | 6453/15 | 21/10/2021 | 05/10/2021 | C.1 | 29/06/2015 | Book | |||||
| Riara University Library | Riara University Library | General stack | 29/06/2015 | 6 | 1 | QA303.2A33 2013 | 6454/15 | 28/06/2019 | 31/05/2019 | C.2 | 29/06/2015 | Book | |||||
| Riara University Library | Riara University Library | General stack | 29/06/2015 | 10 | 1 | QA303.2A33 2013 | 6455/15 | 06/12/2018 | 05/12/2018 | C.3 | 29/06/2015 | Book |
